Control of water pollution from linear construction projects (Record no. 105499)
[ view plain ]
| 000 -LEADER | |
|---|---|
| fixed length control field | 01339cam a2200253 4500 |
| 001 - CONTROL NUMBER | |
| control field | ##L133898 |
| 008 - FIXED-LENGTH DATA ELEMENTS--GENERAL INFORMATION | |
| fixed length control field | 060616n2006 000 0 eng u |
| 020 ## - INTERNATIONAL STANDARD BOOK NUMBER | |
| International Standard Book Number | 0860176487 |
| -- | 9780860176480 |
| 035 ## - SYSTEM CONTROL NUMBER | |
| System control number | (Sirsi) u133898 |
| 041 0# - LANGUAGE CODE | |
| Language code of text/sound track or separate title | eng |
| 050 04 - LIBRARY OF CONGRESS CALL NUMBER | |
| Classification number | 614.77 $2 18 |
| 100 1# - MAIN ENTRY--PERSONAL NAME | |
| Personal name | Murnane, Emma |
| 245 00 - TITLE STATEMENT | |
| Title | Control of water pollution from linear construction projects |
| Remainder of title | technical guidance |
| 260 ## - PUBLICATION, DISTRIBUTION, ETC. | |
| Place of publication, distribution, etc. | London |
| Name of publisher, distributor, etc. | CIRIA |
| Date of publication, distribution, etc. | 2006 |
| 300 ## - PHYSICAL DESCRIPTION | |
| Extent | 234p. |
| Other physical details | col. ill. |
| Dimensions | 30cm. |
| 490 #0 - SERIES STATEMENT | |
| Series statement | CIRIA |
| Volume/sequential designation | C648 |
| 505 2# - FORMATTED CONTENTS NOTE | |
| Formatted contents note | Characteristics of linear projects and understanding water pollution -- Planning and design -- Construction |
| 520 ## - SUMMARY, ETC. | |
| Summary, etc. | Provides guidance to clients, consultants, designers, contractors and regulators on how to plan and manage water pollution from road, railway, pipeline, waterway and other linear construction projects. Addresses this issue throughout the whole project cycle, from the design scheme through to construction and commissioning, and also highlights issues encountered on upgrades and on-line replacement. Sets out generic best practice and procedures for England, Wales, Scotland and Northern Ireland, and includes regional legislative and regulatory variations. |
| 651 #4 - SUBJECT ADDED ENTRY--GEOGRAPHIC NAME | |
| Geographic name | United Kingdom |
| Chronological subdivision | |
| 690 ## - LOCAL SUBJECT ADDED ENTRY--TOPICAL TERM (OCLC, RLIN) | |
| Topical term or geographic name as entry element | Construction management |
| 9 (RLIN) | 6230 |
| 700 1# - ADDED ENTRY--PERSONAL NAME | |
| Personal name | Heap, Andy |
| 700 1# - ADDED ENTRY--PERSONAL NAME | |
| Personal name | Swain, Andrew |
| 942 ## - ADDED ENTRY ELEMENTS (KOHA) | |
| Suppress in OPAC | 0 |
| Withdrawn status | Lost status | Damaged status | Not for loan | Home library | Current library | Shelving location | Date acquired | Total Checkouts | Full call number | Barcode | Date last seen | Copy number | Price effective from | Koha item type |
|---|---|---|---|---|---|---|---|---|---|---|---|---|---|---|
| London | London | Folio | 10/08/2006 | CIRIA REPORTS | 30073054 | 18/03/2024 | 1 | 06/08/2019 | Book |